000 00846nam a2200277Ia 4500
003 GCL
008 140319s9999 xx 000 0 ara d
040 _aGCL /
_cGCL
082 0 4 _a301.2
_bه م
100 1 _aهـ - هاولز, وليام
245 1 0 _aماوراء التاريخ /
_cهـ - هاولز, وليام
700 1 _aاحمد ابوزيد
260 _a[S.N] :
_bدار النهضة العربية ،
_c1984
300 _a603 ص
490 _a
650 0 4 _aالمجتمع
650 0 4 _aالحضارة
650 0 4 _aاللغة العربية
650 0 4 _aالثقافة
650 0 4 _aالانثربولوجيا
650 0 4 _aالعصر الحجرى
650 0 4 _aانسان ماقبل التاريخ
650 0 4 _aالعصر الحجرى الحديث
650 0 4 _aالعصر البرونزى
942 _2ddc
_cBK
999 _c37297
_d37297